Návrh automatizovaného informačného systému pre analýzu sústavy ekonomických nástrojov riadenia poľnohospodárstva záverečná správa etapovej úlohy ŠPEV 903 529 308 - 05/07

Salvato in:
Dettagli Bibliografici
Autore principale: Mathé, Svätoslav
Natura: Libro
Lingua:slovacco
Pubblicazione: Bratislava Výskumný ústav ekonomiky poľnohospodárstva a potravinárstva 1984
Tags: Aggiungi Tag
Nessun Tag, puoi essere il primo ad aggiungerne!!

MARC

LEADER 00000nam a2200000 4500
001 c106939
005 20181203150258.9
041 0 |a slo 
044 |a SK 
245 1 0 |a Návrh automatizovaného informačného systému pre analýzu sústavy ekonomických nástrojov riadenia poľnohospodárstva  |b záverečná správa etapovej úlohy ŠPEV 903 529 308 - 05/07  |c Svätoslav Mathé 
264 1 |a Bratislava  |b Výskumný ústav ekonomiky poľnohospodárstva a potravinárstva  |c 1984 
300 |a 69 s. 
100 1 |a Mathé, Svätoslav